000 00883cam a22002413a 4500
001 37224
003 PGUSA
005 20140828083821.0
008 110827s2011||||xxu|||||s|||||000 | eng d
040 _aPGUSA
_beng
042 _adc
050 4 _aQ
100 1 _aBernstein, Aaron David,
_d1812-1884
245 1 0 _aPopular Books on Natural Science :
_bFor Practical Use in Every Household, for Readers of All Classes
_h[electronic resource] /
_cAaron David Bernstein
260 _bProject Gutenberg,
_c2011
505 0 _aThe weight of the earth -- Velocity -- Nutrition -- Light and distance -- The wonders of astronomy -- Meteorology -- The food proper for man.
506 _aPublic domain in the USA.
516 _aElectronic text
653 _aScience -- Popular works
830 0 _aProject Gutenberg
_v37224
856 4 0 _uhttp://www.gutenberg.org/ebooks/37224
942 _cEB
999 _c266478
_d266478